|
|
|
|
| LEADER |
01258nam a22003494a 4500 |
| 001 |
AAL5220 |
| 003 |
BD-DhAAL |
| 005 |
20160210173715.0 |
| 008 |
150211s2000 enka b 001 0 eng c |
| 010 |
|
|
|a 99089542
|
| 020 |
|
|
|a 0750647868
|
| 040 |
|
|
|a DNLM/DLC
|c DLC
|d DLC
|d BD-DhAAL
|
| 050 |
0 |
0 |
|a GN296
|b .H45 2000
|
| 060 |
1 |
0 |
|a WA 31
|b H478c 2000
|
| 082 |
0 |
0 |
|a 306.4/61
|2 21
|
| 999 |
|
|
|c 33653
|d 33653
|
| 999 |
|
|
|c 33653
|
| 100 |
1 |
|
|a Helman, Cecil,
|d 1944-2009.
|9 8238
|
| 245 |
1 |
0 |
|a Culture, health, and illness /
|c Cecil G. Helman.
|
| 250 |
|
|
|a 4th ed.
|
| 260 |
|
|
|a Oxford ;
|a Boston :
|b Butterworth-Heinemann,
|c 2000.
|
| 300 |
|
|
|a viii, 328 p. :
|b ill. ;
|c 25 cm.
|
| 504 |
|
|
|a Includes bibliographical references and indexes.
|
| 541 |
|
|
|e 5220
|
| 650 |
|
0 |
|a Medical anthropology.
|9 8239
|
| 650 |
|
0 |
|a Social medicine.
|9 8240
|
| 650 |
1 |
2 |
|a Social Medicine.
|9 8241
|
| 650 |
2 |
2 |
|a Anthropology.
|9 7304
|
| 650 |
2 |
2 |
|a Sociology, Medical.
|9 8242
|
| 942 |
|
|
|2 ddc
|c BK
|
| 952 |
|
|
|0 0
|1 0
|2 ddc
|4 0
|6 306_461000000000000_HEL
|7 0
|9 52553
|a SCL
|b SCL
|c GEN
|d 2015-02-11
|l 0
|o 306.461 HEL
|p 3020005220
|r 2015-02-11
|t 1
|w 2015-02-11
|y BK
|
| 952 |
|
|
|0 0
|1 0
|2 ddc
|4 0
|6 306_461000000000000_HEL
|7 0
|9 52565
|a SCL
|b SCL
|c GEN
|d 2015-02-11
|l 0
|o 306.461 HEL
|p 3020003808
|r 2015-02-11
|t 2
|w 2015-02-11
|y BK
|